[Event "Elit(Rockaden,Sthlm-Limhamn)"]
[Site "?"]
[Date "2007.03.17"]
[Round "10"]
[White "Hedman, Erik"]
[Black "Penalver, Osmani"]
[Result "1-0"]
[WhiteElo "2410"]
[BlackElo "2250"]
[PlyCount "56"]
[EventDate "2007.??.??"]

1. e4 c5 2. Nf3 d6 3. d4 cxd4 4. Nxd4 Nf6 5. Nc3 a6 6. Bg5 e6 7. f4 Qb6 8. Qd2
Qxb2 9. Rb1 Qa3 10. f5 Nc6 11. fxe6 fxe6 12. Nxc6 bxc6 13. Be2 Be7 14. O-O O-O
15. Rb3 Qa5 16. Nd5 Qd8 17. Nxe7+ Qxe7 18. Rd3 Qa7+ 19. Kh1 d5 20. Rg3 Nd7 21.
Bh6 Rxf1+ 22. Bxf1 g6 23. Qc3 Kf7 24. Rf3+ Ke7 25. Qxc6 Ke8 26. Qxe6+ Kd8 27.
Qd6 Ke8 28. Bg5 Qc5 1-0

[Event "Elit(Vasteras-Eksjo)"]
[Site "?"]
[Date "2007.03.17"]
[Round "10"]
[White "Schussler, Harry"]
[Black "Eriksson, Johan"]
[Result "1/2-1/2"]
[WhiteElo "2439"]
[BlackElo "2448"]
[PlyCount "67"]
[EventDate "2007.??.??"]
[SourceDate "2007.03.18"]

1. Nf3 Nf6 2. c4 e6 3. d4 d5 4. Nc3 c6 5. Qb3 dxc4 6. Qxc4 b5 7. Qb3 a6 8. Bg5
c5 9. Bxf6 gxf6 10. dxc5 Bxc5 11. g3 Qb6 12. e3 Bb7 13. Bg2 Nd7 14. O-O Be7 15.
Qd1 Rd8 16. Qe2 b4 17. Na4 Qa5 18. b3 O-O 19. Rfd1 Bxf3 20. Qxf3 Nc5 21. Nb2
Rxd1+ 22. Qxd1 f5 23. Nc4 Qd8 24. Qe2 Qc7 25. e4 fxe4 26. Bxe4 Nxe4 27. Qxe4
Bf6 28. Rd1 Rd8 29. Rxd8+ Qxd8 30. Kg2 Qd1 31. Qf3 Qd4 32. Qb7 Kg7 33. Qc6 Be7
34. Ne3 1/2-1/2

[Event "Elit(Vasteras-Eksjo)"]
[Site "?"]
[Date "2007.03.17"]
[Round "10"]
[White "Eriksson, Jonas"]
[Black "Gdanski, Jacek"]
[Result "1/2-1/2"]
[WhiteElo "2352"]
[BlackElo "2576"]
[PlyCount "89"]
[EventDate "2007.??.??"]

1. d4 Nf6 2. Nf3 c5 3. d5 g6 4. Nc3 Bg7 5. e4 d6 6. h3 O-O 7. a4 e6 8. Be2 exd5
9. exd5 Na6 10. O-O Nc7 11. Bg5 h6 12. Bf4 Re8 13. Bb5 Nxb5 14. Nxb5 Bf8 15.
Nc3 Ne4 16. Nxe4 Rxe4 17. Bh2 b6 18. c3 Ba6 19. Nd2 Be2 20. Qc2 Re8 21. Rfe1 c4
22. Nf1 Bd3 23. Qd2 Qd7 24. Ne3 Bg7 25. f3 h5 26. Bf4 a6 27. Qf2 b5 28. axb5
axb5 29. Rxa8 Rxa8 30. Qg3 b4 31. Nd1 b3 32. h4 Ra6 33. Nf2 Qa7 34. Kh2 Qd7 35.
Bg5 Qf5 36. Re8+ Kh7 37. Nh3 Qxd5 38. Bf4 f6 39. Re7 Kg8 40. Be3 Bf5 41. Nf4
Qd1 42. Nxg6 Ra1 43. Re8+ Kf7 44. Re7+ Kg8 45. Re8+ 1/2-1/2

[Event "Elit(Vasteras-Eksjo)"]
[Site "?"]
[Date "2007.03.17"]
[Round "10"]
[White "Vernersson, Per"]
[Black "Norberg, Johan"]
[Result "1-0"]
[WhiteElo "2468"]
[BlackElo "2349"]
[PlyCount "91"]
[EventDate "2007.??.??"]

1. d4 g6 2. e4 Bg7 3. c4 d6 4. Nc3 Nd7 5. Nf3 e5 6. Be2 Ngf6 7. O-O O-O 8. Re1
exd4 9. Nxd4 Nc5 10. f3 a5 11. Be3 Nfd7 12. Qd2 Ne5 13. Rab1 Ne6 14. Nxe6 fxe6
15. c5 dxc5 16. Qxd8 Rxd8 17. Bxc5 b6 18. Be3 Nd3 19. Bxd3 Rxd3 20. Rbd1 Bxc3
21. bxc3 Ba6 22. Rxd3 Bxd3 23. Rd1 Bb5 24. Bg5 Kf7 25. Kf2 a4 26. a3 Be8 27.
Bf4 Ra7 28. Rd8 Rb7 29. Rc8 c5 30. Bd6 e5 31. Bxe5 Rd7 32. Rc7 Ke6 33. Rxd7
Kxd7 34. Ke3 b5 35. Kd3 Bf7 36. Bg7 Bc4+ 37. Ke3 Kc6 38. Bf8 h5 39. h3 Bf1 40.
Kf2 Bd3 41. h4 Bc4 42. Ke3 Bf7 43. Kf4 c4 44. Ke5 Kd7 45. Kf6 Be8 46. Bb4 1-0

[Event "Elit(Vasteras-Eksjo)"]
[Site "?"]
[Date "2007.03.17"]
[Round "10"]
[White "Eriksson, Anders"]
[Black "Ornstein, Axel"]
[Result "0-1"]
[WhiteElo "2393"]
[BlackElo "2412"]
[PlyCount "68"]
[EventDate "2007.??.??"]

1. Nf3 Nf6 2. c4 c5 3. g3 b6 4. Bg2 Bb7 5. O-O e6 6. Nc3 Be7 7. Re1 d6 8. e4
Nc6 9. d4 cxd4 10. Nxd4 Nxd4 11. Qxd4 O-O 12. b3 a6 13. Ba3 Qc7 14. Red1 Rfd8
15. Bb4 Rab8 16. a4 Rd7 17. a5 bxa5 18. Bxa5 Qc8 19. Na4 Bd8 20. Bc3 Bc6 21. b4
Qb7 22. Re1 Rc8 23. Nb2 Bb6 24. Qd3 Ng4 25. Re2 f5 26. Be1 Rf8 27. Nd1 Ne5 28.
Qc2 fxe4 29. Bxe4 Nf3+ 30. Bxf3 Bxf3 31. Rxe6 Bh1 32. Ne3 Bxe3 33. fxe3 Rdf7
34. Bc3 Qf3 0-1

[Event "Elit(Vasteras-Eksjo)"]
[Site "?"]
[Date "2007.03.17"]
[Round "10"]
[White "Rothen, Hakan"]
[Black "Norberg, Erik"]
[Result "0-1"]
[WhiteElo "2316"]
[BlackElo "2262"]
[PlyCount "74"]
[EventDate "2007.??.??"]

1. Nf3 g6 2. d4 Bg7 3. c3 Nf6 4. Bg5 b6 5. Nbd2 Bb7 6. e3 O-O 7. Be2 d6 8. O-O
Nbd7 9. a4 h6 10. Bxf6 Nxf6 11. a5 Rb8 12. axb6 axb6 13. Ra7 Qd7 14. Qb3 e5 15.
Bb5 Qf5 16. Ba6 Ba8 17. Rxc7 b5 18. dxe5 Ne4 19. Nxe4 Bxe4 20. Nd2 Bd3 21. Re1
Bxe5 22. Nf1 d5 23. Rb7 Qe6 24. Ra1 Bc4 25. Qb4 Ra8 26. Qa5 b4 27. Rb6 Bc7 28.
Rxe6 Bxa5 29. Rc6 bxc3 30. Bxc4 cxb2 31. Rb1 dxc4 32. Rxc4 Rfb8 33. Rc2 Bc3 34.
Rxc3 Ra1 35. Nd2 Rd8 36. Rc2 Rxd2 37. Rcxb2 Rd1+ 0-1

[Event "Elit(Vasteras-Eksjo)"]
[Site "?"]
[Date "2007.03.17"]
[Round "10"]
[White "Nilsson, Andre"]
[Black "Thornert, Hakan"]
[Result "1/2-1/2"]
[WhiteElo "2309"]
[BlackElo "2242"]
[PlyCount "46"]
[EventDate "2007.??.??"]

1. g3 e5 2. Bg2 d5 3. d3 Nc6 4. Nf3 Be7 5. O-O Be6 6. c3 f5 7. e4 dxe4 8. dxe4
Qxd1 9. Rxd1 fxe4 10. Ng5 Bxg5 11. Bxg5 h6 12. Bc1 Nf6 13. Re1 O-O-O 14. Nd2
Bf5 15. Kf1 Rd3 16. Nxe4 Nxe4 17. Bxe4 Bxe4 18. Rxe4 Rhd8 19. Re1 R8d5 20. Re3
Rd1+ 21. Re1 R1d3 22. Re3 Rd1+ 23. Re1 R1d3 1/2-1/2

[Event "Elit(Vasteras-Eksjo)"]
[Site "?"]
[Date "2007.03.17"]
[Round "10"]
[White "de Verdier, Michael"]
[Black "Wikstrom, Per"]
[Result "1/2-1/2"]
[WhiteElo "2224"]
[BlackElo "2164"]
[PlyCount "45"]
[EventDate "2007.??.??"]

1. Nf3 d5 2. d4 Nf6 3. c4 c6 4. e3 e6 5. Nc3 Nbd7 6. Qc2 dxc4 7. Bxc4 b5 8. Be2
Bb7 9. O-O a6 10. Rd1 Qb6 11. e4 b4 12. Na4 Qa5 13. Nd2 c5 14. Nc4 Qc7 15. e5
Nd5 16. dxc5 Rc8 17. Nd6+ Bxd6 18. exd6 Qxd6 19. Qxh7 Qf8 20. Qd3 Nxc5 21. Nxc5
Qxc5 22. Bf3 O-O 23. Bxd5 1/2-1/2

[Event "Elit(Vasteras-Eksjo)"]
[Site "?"]
[Date "2007.03.17"]
[Round "10"]
[White "Kimari, Patrick"]
[Black "Krantz, Christopher"]
[Result "1-0"]
[WhiteElo "2144"]
[BlackElo "2197"]
[PlyCount "55"]
[EventDate "2007.??.??"]

1. e4 c5 2. Nc3 Nc6 3. f4 g6 4. Nf3 Bg7 5. Bc4 d6 6. O-O e6 7. d3 Nge7 8. Ne2
O-O 9. c3 Na5 10. Be3 b6 11. a4 Nxc4 12. dxc4 Bb7 13. Qd3 Qc7 14. Ng3 d5 15.
cxd5 exd5 16. e5 f6 17. Rae1 fxe5 18. Nxe5 Nf5 19. Bf2 Rae8 20. Nxf5 Rxf5 21.
Bg3 Bxe5 22. fxe5 Rxf1+ 23. Rxf1 Rf8 24. Rxf8+ Kxf8 25. e6 Qe7 26. Qf3+ Kg8 27.
Bd6 Qe8 28. Qf6 1-0

[Event "Elit(Skara-Manhem)"]
[Site "?"]
[Date "2007.03.17"]
[Round "10"]
[White "Nithander, Victor"]
[Black "Kotronias, Vasilios"]
[Result "0-1"]
[WhiteElo "2704"]
[BlackElo "2420"]
[PlyCount "138"]
[EventDate "2007.??.??"]
[SourceDate "2007.03.18"]

1. e4 c5 2. Nf3 Nc6 3. d4 cxd4 4. Nxd4 Nf6 5. Nc3 d6 6. Bg5 e6 7. Qd2 Be7 8.
O-O-O O-O 9. f4 Nxd4 10. Qxd4 Qa5 11. Bc4 Bd7 12. e5 dxe5 13. fxe5 Bc6 14. Bd2
Nd7 15. Nd5 Qd8 16. Nxe7+ Qxe7 17. Rhe1 Rfc8 18. Bf1 a5 19. h4 b5 20. Bg5 Qf8
21. Qd6 Qe8 22. Qe7 Qxe7 23. Bxe7 Nb6 24. Rd4 b4 25. Kb1 Nd5 26. Bd6 Rd8 27. g3
f5 28. Bc4 h5 29. a3 bxa3 30. Bxa3 Kh7 31. Kc1 g5 32. Bxd5 Rxd5 33. Rxd5 Bxd5
34. hxg5 Kg6 35. Rf1 Rc8 36. Rf4 Kf7 37. Rh4 Bf3 38. Rf4 Be4 39. c3 Rg8 40. Bc5
Rxg5 41. Bf2 Rg8 42. Rh4 Kg6 43. Bc5 a4 44. Rh2 Ra8 45. Rd2 Rh8 46. Be7 f4 47.
Bh4 f3 48. Kd1 Kf5 49. Ke1 Kxe5 50. Kf2 Rc8 51. Be7 Bd5 52. Ke3 Rc7 53. Bd8 Rb7
54. Rh2 Kd6 55. Ba5 Rf7 56. Bb4+ Kc6 57. Kf2 Rf5 58. Rh4 Re5 59. Ba3 Re2+ 60.
Kf1 Be4 61. Rf4 e5 62. Rf6+ Kd5 63. Rd6+ Kc4 64. Rf6 Bd5 65. Rb6 e4 66. Rb8 Be6
67. Rf8 Bh3+ 68. Kg1 Rg2+ 69. Kf1 Rxb2+ 0-1

[Event "Elit(Skara-Manhem)"]
[Site "?"]
[Date "2007.03.17"]
[Round "10"]
[White "Hillarp Persson, Tiger"]
[Black "Moberg, Karl Johan"]
[Result "1-0"]
[WhiteElo "2610"]
[BlackElo "2338"]
[PlyCount "75"]
[EventDate "2007.??.??"]

1. d4 Nf6 2. c4 g6 3. Nc3 d5 4. cxd5 Nxd5 5. e4 Nxc3 6. bxc3 Bg7 7. Bc4 c5 8.
Ne2 O-O 9. O-O Nc6 10. Be3 Bd7 11. Rb1 a6 12. dxc5 Qc7 13. Nd4 Na5 14. Bd3 Rfd8
15. Qe2 e6 16. f4 e5 17. fxe5 Bxe5 18. h3 Bxh3 19. gxh3 Bxd4 20. cxd4 Qg3+ 21.
Kh1 Qxh3+ 22. Qh2 Qxe3 23. Rxf7 h5 24. Rf6 Kh7 25. Qc7+ Kh6 26. Rxg6+ Kxg6 27.
e5+ Kg5 28. Qe7+ Kg4 29. Rg1+ Qxg1+ 30. Kxg1 Rxd4 31. Be2+ Kf4 32. Kf2 Rad8 33.
Qf6+ Ke4 34. e6 Nc6 35. e7 Nxe7 36. Qxe7+ Kf4 37. Qxb7 Rd2 38. c6 1-0

[Event "Elit(Skara-Manhem)"]
[Site "?"]
[Date "2007.03.17"]
[Round "10"]
[White "Akesson, Joel"]
[Black "Djurhuus, Rune"]
[Result "1/2-1/2"]
[WhiteElo "2375"]
[BlackElo "2573"]
[PlyCount "138"]
[EventDate "2007.??.??"]

1. d4 Nf6 2. Nf3 c5 3. d5 d6 4. Nc3 e5 5. e4 Be7 6. Nd2 O-O 7. a4 b6 8. Bd3 Na6
9. O-O Nc7 10. Nc4 Rb8 11. Rb1 Ba6 12. Ne3 Bxd3 13. Qxd3 Nfe8 14. Nb5 Nxb5 15.
axb5 Bg5 16. Ra1 Rb7 17. Bd2 Qd7 18. c4 g6 19. Nc2 Bxd2 20. Qxd2 f5 21. f4 Nf6
22. exf5 Qxf5 23. Rae1 e4 24. Ne3 Qc8 25. f5 g5 26. h3 h5 27. Nd1 Rg7 28. Nc3
Re8 29. Re3 Re5 30. Qc2 Rge7 31. Qf2 Kh7 32. b3 Qd7 33. Kh1 Rg7 34. Kg1 Kh6 35.
Qg3 h4 36. Qf2 Rf7 37. Qe1 Rfe7 38. Qf2 Qe8 39. Ne2 Nh5 40. g4 hxg3 41. Nxg3
Nxg3 42. Qxg3 Rf7 43. Qg4 Qf8 44. Rxe4 Rfxf5 45. Rxf5 Qxf5 46. Qxf5 Rxf5 47.
Re6+ Kg7 48. Rxd6 Rf3 49. Rd7+ Kf8 50. Rxa7 Rxb3 51. Rb7 Rc3 52. Rxb6 Rxc4 53.
Rc6 Ke7 54. Kg2 Rc3 55. b6 Rb3 56. Rh6 Kd7 57. Kf2 Rd3 58. b7 Kc7 59. Rb6 Kb8
60. d6 Rxh3 61. Rb5 Rd3 62. Rxc5 Rxd6 63. Rxg5 Re6 64. Rb5 Re7 65. Kf3 Rxb7 66.
Rxb7+ Kxb7 67. Ke4 Kc6 68. Kd4 Kd6 69. Ke4 Ke6 1/2-1/2

[Event "Elit(Skara-Manhem)"]
[Site "?"]
[Date "2007.03.17"]
[Round "10"]
[White "Cicak, Slavko"]
[Black "Olausson, Claes-Goran"]
[Result "1-0"]
[WhiteElo "2569"]
[BlackElo "2389"]
[PlyCount "63"]
[EventDate "2007.??.??"]

1. c4 e5 2. Nc3 Nf6 3. Nf3 Nc6 4. a3 d6 5. d4 exd4 6. Nxd4 Bd7 7. Nc2 Be7 8. e4
O-O 9. Be2 Re8 10. O-O Bf8 11. f3 a6 12. Be3 Ne5 13. Qd2 Rb8 14. a4 h6 15. Ba7
Ra8 16. Bf2 g5 17. Rfd1 Ng6 18. h3 Kh7 19. a5 Be6 20. Nd4 Nd7 21. Qc2 Nde5 22.
Nd5 Bxd5 23. cxd5 Qd7 24. Qa4 c5 25. dxc6 bxc6 26. Rac1 Nf4 27. Bf1 Reb8 28.
Rc2 Re8 29. Rc3 d5 30. exd5 Nxd5 31. Nxc6 f5 32. Qb3 1-0

[Event "Elit(Skara-Manhem)"]
[Site "?"]
[Date "2007.03.17"]
[Round "10"]
[White "Schneider, Lars-Ake"]
[Black "Mohammadi, Amir"]
[Result "1/2-1/2"]
[WhiteElo "2338"]
[BlackElo "2281"]
[PlyCount "45"]
[EventDate "2007.??.??"]

1. Nf3 f5 2. g3 Nf6 3. Bg2 e6 4. O-O d5 5. c4 Be7 6. b3 O-O 7. Bb2 b6 8. d3 Bb7
9. Nbd2 c5 10. Qc2 Na6 11. a3 Qe8 12. Ng5 Nc7 13. cxd5 exd5 14. b4 h6 15. Ngf3
Ne6 16. Ne5 cxb4 17. axb4 Bxb4 18. Ndf3 Nc5 19. Nh4 Qe6 20. Neg6 Rf7 21. Nf4
Qd7 22. Nhg6 Qe8 23. Bxf6 1/2-1/2

[Event "Elit(Skara-Manhem)"]
[Site "?"]
[Date "2007.03.17"]
[Round "10"]
[White "Friberg, Hans"]
[Black "Sagit, Rauan"]
[Result "0-1"]
[WhiteElo "2286"]
[BlackElo "2299"]
[PlyCount "104"]
[EventDate "2007.??.??"]

1. Nf3 Nf6 2. c4 c6 3. d4 d5 4. Nc3 dxc4 5. a4 Bf5 6. Nh4 Bc8 7. Nf3 Bf5 8. Nh4
Bg4 9. h3 Bh5 10. g4 Bg6 11. Nxg6 hxg6 12. e3 e5 13. Bxc4 exd4 14. exd4 Be7 15.
Qb3 O-O 16. Be3 Nbd7 17. Qxb7 Rb8 18. Qxa7 Ne8 19. Be2 Rxb2 20. Rb1 Rxb1+ 21.
Nxb1 Bb4+ 22. Bd2 Qe7 23. Qa6 Nc7 24. Qxc6 Ne6 25. Qe4 Nf6 26. Qe5 Bxd2+ 27.
Nxd2 Qb4 28. g5 Nd7 29. Qe3 Nb6 30. O-O Nd5 31. Rb1 Qxa4 32. Qb3 Qa5 33. Nf3
Ndf4 34. Bf1 Rd8 35. Rd1 Nxg5 36. Nxg5 Qxg5+ 37. Qg3 Qf6 38. Qe3 Rd5 39. Bc4
Qg5+ 40. Qg3 Qh5 41. Qb3 Nxh3+ 42. Kf1 Rf5 43. Rd2 Qg5 44. Ke1 Qg1+ 45. Bf1 Ng5
46. f4 Ne4 47. Rg2 Qxd4 48. Bc4 Nd6 49. Bd3 Qe3+ 50. Kd1 Rb5 51. Qa3 Qf3+ 52.
Re2 Nc4 0-1

[Event "Elit(Skara-Manhem)"]
[Site "?"]
[Date "2007.03.17"]
[Round "10"]
[White "Kinnmark, Ove"]
[Black "Eklund, Lars-Goran"]
[Result "1/2-1/2"]
[WhiteElo "2264"]
[BlackElo "2370"]
[PlyCount "26"]
[EventDate "2007.??.??"]

1. e4 Nc6 2. d4 d5 3. e5 Bf5 4. c3 Qd7 5. Bd3 f6 6. exf6 Nxf6 7. Nf3 e6 8. O-O
Be7 9. Bxf5 exf5 10. Bf4 O-O 11. Ne5 Nxe5 12. Bxe5 Bd6 13. f4 Ne4 1/2-1/2

[Event "Elit(Skara-Manhem)"]
[Site "?"]
[Date "2007.03.17"]
[Round "10"]
[White "Andersson, Goran"]
[Black "Vas, Peter"]
[Result "1/2-1/2"]
[WhiteElo "2206"]
[BlackElo "2247"]
[PlyCount "120"]
[EventDate "2007.??.??"]

1. e4 e5 2. Nf3 Nf6 3. Nxe5 d6 4. Nf3 Nxe4 5. d4 d5 6. Bd3 Bd6 7. c4 c6 8. Nc3
Nxc3 9. bxc3 O-O 10. O-O dxc4 11. Bxc4 Bg4 12. h3 Bh5 13. Re1 Nd7 14. g4 Bg6
15. Bg5 Qa5 16. Bd2 Rae8 17. Nh4 Be4 18. f3 Qd8 19. fxe4 Qxh4 20. Qf3 Qg3+ 21.
Qxg3 Bxg3 22. Re2 Bc7 23. Rf1 b5 24. Bd3 Rd8 25. Rf3 a6 26. a4 Bb6 27. axb5 Ne5
28. Rg3 axb5 29. Kg2 Nxd3 30. Rxd3 b4 31. d5 bxc3 32. Bxc3 cxd5 33. Rxd5 Rc8
34. Bd4 Bxd4 35. Rxd4 Rc7 36. Red2 Re7 37. Kf3 Rfe8 38. Kf4 f6 39. h4 Re5 40.
g5 fxg5+ 41. hxg5 R5e7 42. Ke3 Rf7 43. Rd8 Kf8 44. R2d7 Rxd8 45. Rxd8+ Ke7 46.
Rh8 h6 47. gxh6 gxh6 48. Rxh6 Rf1 49. Kd4 Rd1+ 50. Ke5 Ra1 51. Rh7+ Ke8 52. Kf5
Ra5+ 53. e5 Ra6 54. Rb7 Rh6 55. Ke4 Ra6 56. Rc7 Kd8 57. Rf7 Ke8 58. Rh7 Rb6 59.
Kf5 Ra6 60. e6 Ra1 1/2-1/2

[Event "Elit(Linkoping-Rockaden,Umea)"]
[Site "?"]
[Date "2007.03.17"]
[Round "10"]
[White "Lindgren, Fredrik"]
[Black "Klashed, Martin"]
[Result "1-0"]
[WhiteElo "2278"]
[BlackElo "2160"]
[PlyCount "59"]
[EventDate "2007.??.??"]
[SourceDate "2007.03.18"]

1. e4 c5 2. Nf3 e6 3. d3 Nc6 4. g3 Nge7 5. Bg2 d5 6. Nbd2 g6 7. O-O Bg7 8. Re1
O-O 9. c3 b6 10. Qe2 Ba6 11. e5 Qc7 12. Nf1 Nb8 13. Bf4 Nd7 14. h4 Rae8 15.
N1h2 Qc8 16. Bh3 Kh8 17. Qd2 Ng8 18. Ng4 Qc6 19. Bg2 f6 20. exf6 Ngxf6 21. Nge5
Nxe5 22. Nxe5 Qc8 23. Bh3 Qd8 24. Re2 Nh5 25. Bh6 Bc8 26. Rae1 Bxh6 27. Qxh6
Qf6 28. Bg4 Ng7 29. Nf3 e5 30. Ng5 1-0

[Event "Elit(Linkoping-Rockaden,Umea)"]
[Site "?"]
[Date "2007.03.17"]
[Round "10"]
[White "Malesevic, Nedeljko"]
[Black "Engman, Rickard"]
[Result "0-1"]
[WhiteElo "2342"]
[BlackElo "2298"]
[PlyCount "60"]
[EventDate "2007.??.??"]

1. d4 Nf6 2. c4 e6 3. Nf3 b6 4. g3 Ba6 5. b3 Bb4+ 6. Bd2 Be7 7. Bg2 c6 8. Nc3
d5 9. cxd5 cxd5 10. Ne5 O-O 11. O-O b5 12. Bg5 h6 13. Bxf6 Bxf6 14. f4 Bxe5 15.
fxe5 Qg5 16. Rf4 b4 17. Na4 Nd7 18. Qd2 Qe7 19. Nc5 Nxc5 20. Qxb4 Rac8 21. Qa3
Bxe2 22. Rf2 Bb5 23. Rc1 Ne4 24. Qxe7 Rxc1+ 25. Rf1 Bxf1 26. Bxf1 Rfc8 27. g4
R8c2 28. Qe8+ Kh7 29. Qxf7 Ng5 30. Qf8 Nh3+ 0-1

[Event "Elit(Linkoping-Rockaden,Umea)"]
[Site "?"]
[Date "2007.03.17"]
[Round "10"]
[White "Malmstig, Erik"]
[Black "Rosberg, Simon"]
[Result "1/2-1/2"]
[WhiteElo "2315"]
[BlackElo "2345"]
[PlyCount "150"]
[EventDate "2007.??.??"]

1. d4 e6 2. e4 d5 3. Nc3 Bb4 4. a3 Bxc3+ 5. bxc3 Ne7 6. Bd3 Bd7 7. exd5 exd5 8.
Qh5 Qc8 9. Qg5 O-O 10. Ne2 f6 11. Qh5 Bf5 12. g4 Bxd3 13. cxd3 Qe6 14. Be3 Nd7
15. Nf4 Qf7 16. Qh3 Ng6 17. Nh5 f5 18. gxf5 Qxf5 19. Qxf5 Rxf5 20. Ng3 Rf7 21.
Rb1 Nb6 22. h4 c6 23. Ne2 Ne7 24. a4 Nxa4 25. Rxb7 Nf5 26. Rb4 Nb6 27. Bf4 Re8
28. Kd2 Rfe7 29. Nc1 Kf7 30. Rb2 h5 31. Ra2 g6 32. Bg5 Rb7 33. Ne2 Nd7 34. Rha1
Ra8 35. Ng1 c5 36. Nf3 cxd4 37. cxd4 Nb6 38. Bf4 Nc8 39. Rc2 Nce7 40. Ra6 Rb6
41. Rca2 Rb7 42. Be5 Kg8 43. Bf6 Kh7 44. Ng5+ Kg8 45. Ne6 Rab8 46. Rxa7 Rxa7
47. Rxa7 Kf7 48. Nc5 Rb2+ 49. Kc3 Rxf2 50. Bg5 Kg8 51. Nd7 Nc6 52. Nf6+ Kf8 53.
Ra4 Nfe7 54. Ra6 Rc2+ 55. Kxc2 Nb4+ 56. Kc3 Nxa6 57. Nd7+ Ke8 58. Ne5 Nc7 59.
Bxe7 Kxe7 60. Nxg6+ Kf6 61. Nf4 Kf5 62. Nxh5 Kg4 63. Ng7 Kxh4 64. Kb4 Kg5 65.
Kc5 Kg6 66. Kc6 Na6 67. Ne6 Nb4+ 68. Kc5 Nxd3+ 69. Kxd5 Kf7 70. Kd6 Ke8 71. Nc5
Nb4 72. Ne6 Nc2 73. Nc7+ Kf7 74. d5 Ne3 75. Kc6 Nxd5 1/2-1/2

[Event "Elit(Linkoping-Rockaden,Umea)"]
[Site "?"]
[Date "2007.03.17"]
[Round "10"]
[White "Fransson, Jorgen"]
[Black "Forsberg, Viktor"]
[Result "0-1"]
[WhiteElo "2126"]
[BlackElo "2257"]
[PlyCount "76"]
[EventDate "2007.??.??"]

1. d4 Nf6 2. Nf3 d5 3. c4 e6 4. Nc3 Be7 5. Bg5 h6 6. Bh4 O-O 7. e3 b6 8. Qc2
Bb7 9. Bxf6 Bxf6 10. cxd5 exd5 11. O-O-O Nd7 12. g4 c5 13. h4 cxd4 14. exd4 g6
15. Kb1 Bg7 16. g5 h5 17. Bh3 a6 18. Rhe1 b5 19. Qb3 Nb6 20. Ne5 Nc4 21. f4 Re8
22. f5 Qd6 23. f6 Bf8 24. Bf1 Nxe5 25. dxe5 Rxe5 26. Rxe5 Qxe5 27. Bg2 Ra7 28.
Bxd5 Bc8 29. a3 Rc7 30. Qc2 Bf5 31. Be4 Rxc3 32. Qxc3 Qxe4+ 33. Ka1 b4 34. axb4
Kh7 35. Re1 Qxh4 36. Re7 Bxe7 37. fxe7 Qe4 38. Ka2 Qxe7 0-1

[Event "Elit(Linkoping-Rockaden,Umea)"]
[Site "?"]
[Date "2007.03.17"]
[Round "10"]
[White "Mardell, Jimmy"]
[Black "Carlsson, Ingvar"]
[Result "1-0"]
[WhiteElo "2248"]
[BlackElo "2073"]
[PlyCount "99"]
[EventDate "2007.??.??"]

1. e4 e6 2. d4 d5 3. Nc3 Nf6 4. e5 Nfd7 5. f4 c5 6. Nf3 Nc6 7. Be3 a6 8. Qd2 b5
9. a3 Qb6 10. Ne2 a5 11. dxc5 Bxc5 12. Bxc5 Nxc5 13. Ng3 Ba6 14. b4 axb4 15.
axb4 Ne4 16. Nxe4 dxe4 17. Ng5 e3 18. Qc3 Nd4 19. Bd3 h6 20. Ne4 O-O 21. Qc5
Qd8 22. O-O Bb7 23. Qd6 e2 24. Rfe1 Rxa1 25. Rxa1 Qa8 26. Qxd4 Rd8 27. Nd6 Bxg2
28. Re1 Bh3 29. Qe4 Qxe4 30. Bxe4 Bg4 31. Kf2 Rd7 32. Bf3 Bf5 33. Nxf5 exf5 34.
Rxe2 Rd4 35. Ke3 Rxb4 36. h4 Ra4 37. Rd2 Ra3+ 38. Rd3 Ra2 39. Kd2 Ra4 40. Ke3
Ra2 41. Rd8+ Kh7 42. Kd3 Ra3+ 43. Ke2 Rc3 44. Rd2 g5 45. hxg5 hxg5 46. fxg5 Kg6
47. Bd5 f4 48. Kf2 Rc5 49. Bb3 Rxe5 50. Rd5 1-0

[Event "Elit(Linkoping-Rockaden,Umea)"]
[Site "?"]
[Date "2007.03.17"]
[Round "10"]
[White "Wickstrom, Lucas"]
[Black "Larsson, Johan"]
[Result "0-1"]
[WhiteElo "2153"]
[BlackElo "2136"]
[PlyCount "56"]
[EventDate "2007.??.??"]

1. d4 Nf6 2. Bg5 Ne4 3. Bh4 c5 4. f3 g5 5. fxe4 gxh4 6. Nc3 Bg7 7. e3 Nc6 8.
Nf3 Qa5 9. Bc4 h3 10. O-O hxg2 11. Bxf7+ Kd8 12. Kxg2 cxd4 13. exd4 Rf8 14. Bd5
e6 15. Bxc6 bxc6 16. Kh1 Rb8 17. Qe1 Rxb2 18. Qh4+ Bf6 19. Qh6 Be7 20. Nd1 Rxc2
21. Ne3 Rb2 22. Nc4 Qc3 23. Nfe5 Rbf2 24. Rfd1 Qc2 25. Qxh7 Ba6 26. Rac1 Qe2
27. Qg6 Rxh2+ 28. Kg1 Qf2# 0-1

[Event "Elit(Linkoping-Rockaden,Umea)"]
[Site "?"]
[Date "2007.03.17"]
[Round "10"]
[White "Nygren, David"]
[Black "Halvarsson, Peter"]
[Result "1-0"]
[WhiteElo "2194"]
[BlackElo "1918"]
[PlyCount "89"]
[EventDate "2007.??.??"]

1. e4 c5 2. c3 g6 3. d4 cxd4 4. cxd4 d5 5. exd5 Nf6 6. Bb5+ Bd7 7. Bc4 b5 8.
Bb3 Bg7 9. Ne2 a5 10. a3 O-O 11. Nbc3 Na6 12. Bg5 b4 13. Bxf6 bxc3 14. Bxg7
cxb2 15. Bxf8 bxa1=Q 16. Qxa1 Kxf8 17. O-O Bb5 18. Re1 a4 19. Ba2 Bxe2 20. Rxe2
Nc7 21. Qc1 Nxd5 22. Re5 Nf6 23. Qc4 e6 24. Rc5 Kg7 25. g3 Qd6 26. Qd3 Rd8 27.
Rc4 Ra8 28. Rb4 Ra5 29. Qf3 h5 30. Qd1 Qc6 31. Rc4 Qd7 32. Bb1 Ng4 33. Bc2 Qd6
34. Rb4 Rd5 35. Be4 Rc5 36. Qa1 Ra5 37. Qc3 h4 38. Rb7 Rg5 39. f4 Rh5 40. Bf3
hxg3 41. hxg3 Nf6 42. Bxh5 gxh5 43. Qc5 Qd8 44. Qg5+ Kh8 45. d5 1-0

[Event "Elit(Linkoping-Rockaden,Umea)"]
[Site "?"]
[Date "2007.03.17"]
[Round "10"]
[White "Qwarfort, Fredrik"]
[Black "Hammar, Ulf"]
[Result "0-1"]
[WhiteElo "1868"]
[BlackElo "2146"]
[PlyCount "54"]
[EventDate "2007.??.??"]

1. d4 d5 2. c4 c6 3. Nf3 Nf6 4. g3 Bf5 5. Bg2 e6 6. O-O Bd6 7. b3 Nbd7 8. Nh4
Bg6 9. Nxg6 hxg6 10. Bb2 Qc7 11. c5 Be7 12. Nd2 Ng4 13. h3 Nh6 14. b4 f5 15. f4
Nf6 16. Qb3 Ne4 17. Nxe4 fxe4 18. g4 O-O-O 19. a4 Rdf8 20. Bc1 g5 21. e3 Bf6
22. Bb2 gxf4 23. exf4 g5 24. fxg5 Nxg4 25. hxg4 Qh2+ 26. Kf2 Bxd4+ 27. Ke1
Rxf1+ 0-1

[Event "Elit(Skara-Eksjo)"]
[Site "?"]
[Date "2007.03.18"]
[Round "11"]
[White "Schussler, Harry"]
[Black "Kotronias, Vasilios"]
[Result "0-1"]
[WhiteElo "2439"]
[BlackElo "2704"]
[PlyCount "52"]
[EventDate "2007.03.19"]
[SourceDate "2007.03.19"]

1. e4 c5 2. Nf3 Nc6 3. Bb5 g6 4. Bxc6 dxc6 5. O-O Bg7 6. d3 b6 7. Nc3 e5 8. Be3
Ne7 9. h3 h6 10. Nd2 Be6 11. Nc4 O-O 12. a4 f5 13. exf5 gxf5 14. f4 Bxc4 15.
dxc4 Ng6 16. fxe5 f4 17. Bf2 Nxe5 18. Qe2 f3 19. Qe4 fxg2 20. Kxg2 Qg5+ 21. Bg3
h5 22. Rad1 h4 23. Rxf8+ Rxf8 24. Qxh4 Qxh4 25. Bxh4 Nxc4 26. Rd7 Ne3+ 0-1

[Event "Elit(Skara-Eksjo)"]
[Site "?"]
[Date "2007.03.18"]
[Round "11"]
[White "Hillarp Persson, Tiger"]
[Black "Vernersson, Per"]
[Result "1-0"]
[WhiteElo "2610"]
[BlackElo "2468"]
[PlyCount "71"]
[EventDate "2007.??.??"]

1. d4 d5 2. c4 dxc4 3. e4 Nf6 4. e5 Nd5 5. Bxc4 Nb6 6. Bd3 Nc6 7. Ne2 Nb4 8.
Be4 N4d5 9. Nbc3 Be6 10. O-O Qd7 11. a4 a5 12. Bf3 Nxc3 13. bxc3 Rb8 14. Nf4
Bc4 15. e6 Bxe6 16. Nxe6 Qxe6 17. Bf4 Nd5 18. Re1 Qd7 19. Bxd5 Qxd5 20. Bxc7
Ra8 21. Rb1 Qc6 22. Bb6 h5 23. d5 Qd7 24. Rb5 h4 25. h3 Rh6 26. Be3 Rg6 27. Qh5
Rc8 28. Qxh4 Rxc3 29. Rxa5 Ra6 30. Rxa6 bxa6 31. Qe4 Rc8 32. Rb1 Qd6 33. Bf4
Qa3 34. d6 e6 35. d7+ Kxd7 36. Qb7+ 1-0

[Event "Elit(Skara-Eksjo)"]
[Site "?"]
[Date "2007.03.18"]
[Round "11"]
[White "Ornstein, Axel"]
[Black "Djurhuus, Rune"]
[Result "1/2-1/2"]
[WhiteElo "2412"]
[BlackElo "2573"]
[PlyCount "86"]
[EventDate "2007.??.??"]

1. e4 c5 2. Nf3 Nc6 3. Bb5 g6 4. O-O Bg7 5. Re1 Qb6 6. Na3 a6 7. Bf1 Qa7 8. c3
d6 9. h3 Bd7 10. Nc2 e5 11. d4 cxd4 12. cxd4 exd4 13. Bf4 Nge7 14. Bxd6 O-O 15.
Nb4 Rfe8 16. Nd5 Rac8 17. Rc1 b5 18. Bc5 Qb7 19. Nxe7+ Nxe7 20. Bxd4 Rxc1 21.
Qxc1 Bxd4 22. Nxd4 Rc8 23. Qe3 Nc6 24. Rc1 Nxd4 25. Rxc8+ Qxc8 26. Qxd4 Be6 27.
b3 Qc2 28. Qd8+ Kg7 29. Qa5 Qxe4 30. Qxa6 b4 31. Qa5 h5 32. Qc5 Qe1 33. a3 bxa3
34. Qxa3 Qc3 35. Qa6 Bxb3 36. Qd3 Qb2 37. h4 Be6 38. Be2 Qb4 39. g3 Qe1+ 40.
Kg2 Bh3+ 41. Kh2 Bf5 42. Qd4+ Kg8 43. Bf3 Be6 1/2-1/2